000 00460nam a2200169 i 4500
001 81474
003 ES-MaACL
005 20230906174437.0
007 t|
008 041104s1971 sp ||||1| cat d
100 1 _aHuriguera, Juan Bautista.
_964766
245 1 0 _aTras moments historics /
_cJoan Baptista Huriguera.
250 _a[1ยช ed.].
260 _aBarcelona :
_bPortic,
_c[1971]
300 _a131 p. ;
_c18 cm.
852 _aES-MaACL
_jC-44346
_bR.77306
999 _c81474
_d81474